Statistiques concernant Culture Générale - Série 2389

Cliquez ici pour prendre le quiz!

Statistiques générales

  • Ce quiz a été pris 111 fois
  • Le résultat moyen est 5 sur 10

Statistiques - réponses

QuestionRéponse% Correct
Faire des projets chimériques (des châteaux en Espagne), c'est " tirer des plans sur la ....comète
96%
Quelle variété de fruit est la griotte ?cerise
94%
Comment appelle-t-on la botte de cowboy dont le nom signifie Saint-Jacques en espagnol ?santiag
73%
Se donner du mal, faire des efforts pour rien, c'est "se casser la ... 7 lettres commençant par " n "nénette
57%
Figure de style qui consiste à atténuer l'expression de faits ou d'idées considérés comme désagréables dans le but d'adoucir la réalité - exemple : « disparu » pour « mort »euphémisme
48%
Homme de main, tueur - 5 lettres commençant par " n "nervi
28%
Quelle est la nationalité de l'actrice et mannequin Gal Gadot ? voir photoisraélienne
27%
Cet engin est considéré comme l'ancêtre de la charrue .araire
24%
De quel pays est originaire la plante vivace appelée agératum ou agérate ?Mexique
17%
Tannage des peaux d'ovins et caprins destinées à l'industrie de la chaussure, de la ganterie ou de l'habillement, dans le cadre de la production du cuir . Un quai du 1er arrondissement de Paris porte ce nom .mégisserie
13%

Distribution des résultats

Percentile par nombre de réponses

% des personnes avec chaque résultat

Votre développement - résultats

Vous n’avez pas pris ce quiz